Trouve les films aux twists les plus célèbres - Statistiques

Statistiques générales
  • Ce quiz a été pris 27 fois
  • Le résultat moyen est 7 sur 14
Statistiques - réponses
Hint Réponse % Correct
Un homme réalise que toute sa vie est une émission de télévision contrôlée par des producteurs The Truman Show
95%
Une mission dans l’espace révèle une perception du temps et de la réalité différente de ce que l’on croyait. Interstellar
85%
Un homme en proie à l’insomnie et à une vie monotone rencontre un individu charismatique avec lequel il fonde une organisation clandestine. Fight Club
80%
Des agents sont envoyés sur une île où une enquête médicale prend une tournure inattendue. Shutter Island
80%
Un enfant semble percevoir une présence invisible qui bouleverse ce que les adultes comprennent. le sixième sens
65%
Un homme et son équipe pénètrent dans les rêves des gens pour y implanter une idée, mais la mission devient de plus en plus complexe à mesure que les différents niveaux de réalité se mélangent. Inception
60%
Une enquête sur un tueur en série dont les crimes suivent une logique très particulière liée à des concepts moraux. Seven
50%
Une disparition médiatisée révèle une histoire de couple où la vérité est très différente de ce que pensent les médias. Gone Girl
40%
Un homme souffrant de troubles de mémoire essaie de retrouver le responsable d’un drame en reconstituant son passé. Memento
35%
Un couple découvre que chacun mène une vie secrète sans le savoir. Mr. & Mrs. Smith
35%
Après une explosion sur un bateau, un survivant raconte l’histoire d’un groupe de criminels impliqués dans une affaire liée à un mystérieux chef du crime. Usual Suspects
35%
Deux magiciens rivaux deviennent obsédés par la création du tour parfait, quitte à franchir toutes les limites. Le prestige
25%
Un homme riche et solitaire reçoit un cadeau : un jeu mystérieux qui commence à envahir sa vie réelle et à lui faire perdre ses repères. The game
25%
Un homme est enfermé pendant des années sans explication, puis relâché et cherche à comprendre qui l’a kidnappé et pourquoi. Oldboy
15%
Aucun quiz correspondant
Distribution des résultats
% des personnes avec chaque résultat
Percentile par nombre de réponses
Votre historique - résultats
Vous n’avez pas pris ce quiz